000 00539nam a2200169 i 4500
001 76921
003 ES-MaACL
005 20230906173024.0
007 t|
008 041005s1957 sp ||||1| spa d
100 1 _aGuilcher, André.
_960696
245 1 0 _aMorfología litoral y submarina /
_cAndré Guilcher ; [traducción por Eduardo Condeminas].
260 _aBarcelona :
_bOmega,
_c[1957] (
_fAgustín Núñez)
300 _a264 p., 8n lám. ;
_c23 cm.
700 1 _aCondeminas, Eduardo.
_940136
852 _aES-MaACL
_jC-12245
_bR.40336
999 _c76921
_d76921